000
00271nam a2200121Ia 4500
005
20251222142014.0
008
251222s9999||||xx |||||||||||||| ||spa||
082
_a
704.948.4/L98
245
0
_a
El Belén:
250
_a
1ra.ed.
264
_b
Lunwerg Editores
942
_c
LIB
999
_c
10413
_d
10413